000 00276nam a2200121Ia 4500
008 190216s9999||||xx |||||||||||||| ||und||
100 _aAshok Sharma Kapil
245 0 _aHindi-Yoga-Sadna
260 _bSamskar Sahithya
_c2008
300 _a208
650 _aHindi
942 _cBK
999 _c16766
_d16766